Электрохимические сенсоры на основе наночастиц металлов: учебное пособие

Détails bibliographiques
Auteur principal: Перевезенцева Д. О. Дарья Олеговна
Collectivité auteur: Национальный исследовательский Томский политехнический университет (ТПУ) Институт физики высоких технологий (ИФВТ) Кафедра общей и неорганической химии (ОНХ)
Résumé:Заглавие с титульного экрана
Электронная версия печатной публикации
В пособии рассмотрены краткие сведения о методах получения и исследования характеристик наночастиц, используемых в электроанализе; методы иммобилизации наночастиц на поверхности электродов; классификация электрохимических сенсоров и основные области применения; примеры использования электрохимических сенсоров на основе наночастиц. Предназначено для магистрантов, обучающихся по направлению 150100 "Материаловедение и технологии материалов", профиль "Методы получения наноматериалов, их структура и свойства".
Режим доступа: из корпоративной сети ТПУ
Langue:russe
Publié: Томск, Изд-во ТПУ, 2013
Sujets:
Accès en ligne:http://www.lib.tpu.ru/fulltext2/m/2013/m250.pdf
Format: Électronique Livre
KOHA link:https://koha.lib.tpu.ru/cgi-bin/koha/opac-detail.pl?biblionumber=244615

MARC

LEADER 00000nlm0a2200000 4500
001 244615
005 20231101232049.0
035 |a (RuTPU)RU\TPU\book\266003 
090 |a 244615 
100 |a 20131024d2013 m y0rusy50 ca 
101 0 |a rus 
102 |a RU 
105 |a a j 001zy 
135 |a drcn ---uucaa 
181 0 |a i  
182 0 |a b 
200 1 |a Электрохимические сенсоры на основе наночастиц металлов  |b Электронный ресурс  |e учебное пособие  |f Д. О. Перевезенцева  |g Национальный исследовательский Томский политехнический университет (ТПУ), Институт физики высоких технологий (ИФВТ), Кафедра общей и неорганической химии (ОНХ) 
203 |a Текст  |c электронный 
210 |a Томск  |c Изд-во ТПУ  |d 2013 
230 |a 1 компьютерный файл (pdf; 1.1 MB) 
300 |a Заглавие с титульного экрана 
300 |a Электронная версия печатной публикации 
330 |a В пособии рассмотрены краткие сведения о методах получения и исследования характеристик наночастиц, используемых в электроанализе; методы иммобилизации наночастиц на поверхности электродов; классификация электрохимических сенсоров и основные области применения; примеры использования электрохимических сенсоров на основе наночастиц. Предназначено для магистрантов, обучающихся по направлению 150100 "Материаловедение и технологии материалов", профиль "Методы получения наноматериалов, их структура и свойства". 
333 |a Режим доступа: из корпоративной сети ТПУ 
337 |a Adobe Reader 
606 1 |a Сенсоры электрохимические  |2 stltpush  |3 (RuTPU)RU\TPU\subj\72916  |9 86266 
610 1 |a электронный ресурс 
610 1 |a учебные пособия 
610 1 |a труды учёных ТПУ 
610 1 |a наночастицы 
610 1 |a электроанализ 
610 1 |a иммобилизация 
675 |a 543.55(075.8)  |v 3 
700 1 |a Перевезенцева  |b Д. О.  |c российский химик  |c доцент Томского политехнического университета  |f 1979-  |g Дарья Олеговна  |2 stltpush  |3 (RuTPU)RU\TPU\pers\27386 
712 0 2 |a Национальный исследовательский Томский политехнический университет (ТПУ)  |b Институт физики высоких технологий (ИФВТ)  |b Кафедра общей и неорганической химии (ОНХ)  |h 142  |2 stltpush  |3 (RuTPU)RU\TPU\col\18686 
801 1 |a RU  |b 63413507  |c 20131024 
801 2 |a RU  |b 63413507  |c 20150424  |g RCR 
856 4 |u http://www.lib.tpu.ru/fulltext2/m/2013/m250.pdf 
942 |c CF